| 000 | 00956nam a22002897a 4500 | ||
|---|---|---|---|
| 001 | 5181 | ||
| 003 | FISKH | ||
| 005 | 20241118102012.0 | ||
| 008 | 241118b cb ||||| |||| 00| 0 eng d | ||
| 020 | _a9780516219493 | ||
| 040 |
_aFISKH _beng _cFISKH _dFISKh |
||
| 050 | _aPZ7.C12945 | ||
| 100 | _aS. Callahan, Thera | ||
| 245 |
_aAll wrapped up / _cWritten by Thera S. Callahan Illustrated by Mike Gordon |
||
| 250 | _aPublished in 2003 | ||
| 260 |
_aCanada : _bChildren's Press, _c2003. |
||
| 300 |
_a31 pages : _bColor illustrations ; _c18 cm |
||
| 505 | _aE | ||
| 520 | _aWhen a brother and sister run out of tape while tryng to wrap their dad's birthday present, they use various other sticky substances to make the paper stick. | ||
| 521 | 8 |
_a290L
_bLexile |
|
| 521 | 8 |
_aE
_bRaz-Plus |
|
| 650 |
_2Fiction _aGiving |
||
| 650 |
_2Siblings _aOpen Library |
||
| 700 |
_aGordon, Mike _dIllustrator |
||
| 942 |
_2ddc _cBK _n0 |
||
| 999 |
_c5181 _d5181 |
||